00654nam a2200205Ia 450000500170000000800410001702000150005804000180007304100080009108200240009924501290012325000120025226000440026430000220030865000280033065000250035865000200038370000220040370000230042520220817152857.0210716s2005 xx 000 0 und d a0849312833 cAIMIT LIBRARY aeng a574.80285 22bBUEL aBioinformatics basics : bapplications in biological science and medicine /cEdited by Lukas K Buehler and Hooman H Rashidi. a2nd ed. aNew York :bTaylor and Francis ,c2005. a335p. ;c22.5 cm. aBiology and information aBiological databases aGenome analysis aBuehler, Lukas K. aRashidi, Hooman H.